States of the Colorado River Basin on a Map - Statistics

General Stats
  • This quiz has been taken 252 times
  • The average score is 8 of 9
Answers on the Map
Answers color-coded by a green-red scale on the quiz's map according to % correct below.
 
Answer Stats
Answer % Correct
New Mexico
99%
Arizona
98%
California
98%
Colorado
98%
Utah
98%
Nevada
97%
Wyoming
96%
Baja California
73%
Sonora
54%
No matching quizzes found
Score Distribution
Percent of People with Each Score
Percentile by Number Answered
Your Score History
You have not taken this quiz